famous sodas dates of creation - Statistics

General Stats
  • This quiz has been taken 31 times
  • The average score is 9 of 11
Answer Stats
sodas name Answer % Correct
Lipton 1890
93%
Coca Cola 1886
86%
pepsi 1898
86%
Canada Dry 1904
86%
crush 1911
86%
7up 1929
86%
Mug root beer 1940
86%
Mountain Dew 1940
86%
Fanta 1940
86%
Sprite 1961
86%
Dr Pepper 1885
79%
No matching quizzes found
Score Distribution
Percent of People with Each Score
Percentile by Number Answered
Your Score History
You have not taken this quiz